[Event "Team Championship Russia (Blitz, Women)"]
[Site "Sochi"]
[Date "2018.10.10"]
[Round "10.11"]
[White "Markelova, Lubov"]
[Black "Fairuzova, Zulfiiya"]
[Result "0-1"]
[BlackElo "1764"]
[WhiteElo "2033"]
[LiveChessVersion "1.4.8"]

1. Nf3 {[%clk 0:03:03]} Nf6 {[%clk 0:03:03]} 2. c4 {[%clk 0:03:05]} d6
{[%clk 0:03:03]} 3. Nc3 {[%clk 0:03:05]} e5 {[%clk 0:03:03]} 4. e4
{[%clk 0:03:04]} Be7 {[%clk 0:02:59]} 5. d4 {[%clk 0:03:04]} exd4
{[%clk 0:02:53]} 6. Nxd4 {[%clk 0:03:05]} Nc6 {[%clk 0:02:52]} 7. Be2
{[%clk 0:03:03]} O-O {[%clk 0:02:47]} 8. Be3 {[%clk 0:03:01]} Nxd4
{[%clk 0:02:47]} 9. Bxd4 {[%clk 0:03:02]} Nd7 {[%clk 0:02:46]} 10. Nd5
{[%clk 0:02:52]} Nf6 {[%clk 0:02:37]} 11. Nxe7+ {[%clk 0:02:43]} Qxe7
{[%clk 0:02:37]} 12. f3 {[%clk 0:02:38]} Be6 {[%clk 0:02:35]} 13. O-O
{[%clk 0:02:37]} Nd7 {[%clk 0:02:30]} 14. Rc1 {[%clk 0:02:34]} a6
{[%clk 0:01:59]} 15. b3 {[%clk 0:02:08]} Ne5 {[%clk 0:01:36]} 16. f4
{[%clk 0:02:07]} Nc6 {[%clk 0:01:37]} 17. Bc3 {[%clk 0:01:56]} f5
{[%clk 0:01:31]} 18. Bf3 {[%clk 0:01:32]} Kh8 {[%clk 0:01:19]} 19. g3
{[%clk 0:01:12]} fxe4 {[%clk 0:01:16]} 20. Bxe4 {[%clk 0:01:13]} Bh3
{[%clk 0:01:06]} 21. Re1 {[%clk 0:01:14]} Qf7 {[%clk 0:01:01]} 22. Bd5
{[%clk 0:00:59]} Qg6 {[%clk 0:00:52]} 23. Qc2 {[%clk 0:00:40]} Bf5
{[%clk 0:00:39]} 24. Qg2 {[%clk 0:00:40]} Bd7 {[%clk 0:00:25]} 25. Re3
{[%clk 0:00:36]} Rae8 {[%clk 0:00:25]} 26. Rce1 {[%clk 0:00:25]} Rxe3
{[%clk 0:00:26]} 27. Rxe3 {[%clk 0:00:27]} Re8 {[%clk 0:00:22]} 28. Qe2
{[%clk 0:00:17]} Rxe3 {[%clk 0:00:14]} 29. Qxe3 {[%clk 0:00:18]} Qb1+
{[%clk 0:00:15]} 30. Qe1 {[%clk 0:00:03]} Qxa2 {[%clk 0:00:07]} 31. c5
{[%clk 0:00:00]} 0-1

[Event "Team Championship Russia (Blitz, Women)"]
[Site "Sochi"]
[Date "2018.10.10"]
[Round "10.12"]
[White "Ershova, Margarita"]
[Black "Shafigullina, Zarina"]
[Result "0-1"]
[BlackElo "1992"]
[WhiteElo "1596"]
[LiveChessVersion "1.4.8"]

1. d4 {[%clk 0:03:03]} Nf6 {[%clk 0:03:04]} 2. Bf4 {[%clk 0:03:03]} c5
{[%clk 0:03:01]} 3. e3 {[%clk 0:03:02]} Qb6 {[%clk 0:03:01]} 4. b3
{[%clk 0:02:35]} e6 {[%clk 0:03:02]} 5. c3 {[%clk 0:02:27]} d5 {[%clk 0:02:33]}
6. Nd2 {[%clk 0:02:25]} Bd7 {[%clk 0:02:33]} 7. Bd3 {[%clk 0:02:19]} Nc6
{[%clk 0:02:33]} 8. Ngf3 {[%clk 0:02:19]} Be7 {[%clk 0:02:33]} 9. O-O
{[%clk 0:02:19]} O-O {[%clk 0:02:30]} 10. Ne5 {[%clk 0:02:12]} Qd8
{[%clk 0:02:07]} 11. h3 {[%clk 0:02:02]} Rc8 {[%clk 0:01:57]} 12. Ndf3
{[%clk 0:02:00]} Ne4 {[%clk 0:01:58]} 13. Rc1 {[%clk 0:01:51]} f6
{[%clk 0:01:57]} 14. Nxc6 {[%clk 0:01:45]} Bxc6 {[%clk 0:01:55]} 15. Nd2
{[%clk 0:01:37]} Bd6 {[%clk 0:01:54]} 16. Bxd6 {[%clk 0:01:30]} Qxd6
{[%clk 0:01:55]} 17. Nxe4 {[%clk 0:01:28]} dxe4 {[%clk 0:01:55]} 18. Bc4
{[%clk 0:01:25]} Rfe8 {[%clk 0:01:47]} 19. Qg4 {[%clk 0:01:21]} Bd5
{[%clk 0:01:41]} 20. Bb5 {[%clk 0:01:15]} Rf8 {[%clk 0:01:25]} 21. c4
{[%clk 0:01:14]} Bc6 {[%clk 0:01:26]} 22. Bxc6 {[%clk 0:01:13]} Qxc6
{[%clk 0:01:20]} 23. dxc5 {[%clk 0:01:11]} f5 {[%clk 0:01:21]} 24. Qe2
{[%clk 0:01:08]} Qxc5 {[%clk 0:01:21]} 25. Rfd1 {[%clk 0:01:09]} Rfd8
{[%clk 0:01:22]} 26. Rd2 {[%clk 0:01:08]} Rd6 {[%clk 0:01:17]} 27. Rcd1
{[%clk 0:01:08]} Rcd8 {[%clk 0:01:17]} 28. Qe1 {[%clk 0:00:57]} Qb4
{[%clk 0:01:14]} 29. Rxd6 {[%clk 0:00:46]} Qxe1+ {[%clk 0:01:14]} 30. Rxe1
{[%clk 0:00:46]} Rxd6 {[%clk 0:01:14]} 31. Kf1 {[%clk 0:00:44]} Kf7
{[%clk 0:01:11]} 32. Ke2 {[%clk 0:00:44]} Ra6 {[%clk 0:01:08]} 33. Ra1
{[%clk 0:00:42]} Kf6 {[%clk 0:01:08]} 34. Kd2 {[%clk 0:00:39]} Ke5
{[%clk 0:01:07]} 35. Kc3 {[%clk 0:00:39]} g5 {[%clk 0:01:08]} 36. a3
{[%clk 0:00:33]} Rd6 {[%clk 0:01:09]} 37. c5 {[%clk 0:00:31]} Rd3+
{[%clk 0:01:09]} 38. Kc2 {[%clk 0:00:29]} f4 {[%clk 0:01:10]} 39. exf4+
{[%clk 0:00:29]} gxf4 40. b4 {[%clk 0:00:28]} Kd5 {[%clk 0:01:08]} 41. Rd1
{[%clk 0:00:22]} Kc4 {[%clk 0:00:44]} 42. Rxd3 {[%clk 0:00:22]} exd3+
{[%clk 0:00:45]} 43. Kd2 {[%clk 0:00:23]} e5 {[%clk 0:00:39]} 44. g4
{[%clk 0:00:20]} fxg3 {[%clk 0:00:39]} 45. fxg3 {[%clk 0:00:21]} e4
{[%clk 0:00:34]} 46. g4 {[%clk 0:00:22]} Kd4 {[%clk 0:00:34]} 47. b5
{[%clk 0:00:21]} Kxc5 {[%clk 0:00:33]} 48. h4 {[%clk 0:00:20]} Kd4
{[%clk 0:00:32]} 49. g5 {[%clk 0:00:21]} e3+ {[%clk 0:00:33]} 50. Kd1
{[%clk 0:00:22]} Kc3 {[%clk 0:00:31]} 51. h5 {[%clk 0:00:23]} e2+
{[%clk 0:00:31]} 52. Ke1 {[%clk 0:00:24]} Kc2 {[%clk 0:00:30]} 53. g6
{[%clk 0:00:24]} hxg6 {[%clk 0:00:29]} 54. hxg6 {[%clk 0:00:25]} d2+
{[%clk 0:00:29]} 55. Kxe2 {[%clk 0:00:25]} d1=Q+ {[%clk 0:00:29]} 56. Kf2
{[%clk 0:00:25]} Qg4 {[%clk 0:00:29]} 0-1

[Event "Team Championship Russia (Blitz, Women)"]
[Site "Sochi"]
[Date "2018.10.10"]
[Round "11.1"]
[White "Schepetkova, Margarita"]
[Black "Pogonina, Natalija"]
[Result "1/2-1/2"]
[BlackElo "2328"]
[WhiteElo "2100"]
[LiveChessVersion "1.4.8"]

1. d4 {[%clk 0:03:03]} Nf6 2. c4 e6 {[%clk 0:03:03]} 3. g3 {[%clk 0:03:06]} d5
{[%clk 0:03:03]} 4. Bg2 {[%clk 0:03:07]} Bb4+ {[%clk 0:03:04]} 5. Nd2
{[%clk 0:03:08]} O-O {[%clk 0:03:04]} 6. Ngf3 {[%clk 0:03:08]} b6
{[%clk 0:03:04]} 7. O-O {[%clk 0:03:04]} Bb7 {[%clk 0:03:05]} 8. Ne5
{[%clk 0:03:05]} Qc8 {[%clk 0:03:05]} 9. cxd5 {[%clk 0:03:02]} exd5
{[%clk 0:02:52]} 10. Ndf3 {[%clk 0:03:01]} h6 {[%clk 0:02:50]} 11. Bf4
{[%clk 0:02:57]} Bd6 {[%clk 0:02:45]} 12. Nd3 {[%clk 0:02:52]} Bxf4
{[%clk 0:02:43]} 13. Nxf4 {[%clk 0:02:53]} Nbd7 {[%clk 0:02:38]} 14. Rc1
{[%clk 0:02:53]} Qd8 {[%clk 0:02:34]} 15. b4 {[%clk 0:02:45]} Re8
{[%clk 0:02:25]} 16. e3 {[%clk 0:02:34]} c6 {[%clk 0:02:22]} 17. Nd3
{[%clk 0:02:28]} a5 {[%clk 0:02:21]} 18. h4 {[%clk 0:02:28]} axb4
{[%clk 0:02:19]} 19. a3 {[%clk 0:02:29]} 1/2-1/2

[Event "Team Championship Russia (Blitz, Women)"]
[Site "Sochi"]
[Date "2018.10.10"]
[Round "11.2"]
[White "Girya, Olga"]
[Black "Zhurova, Anna"]
[Result "1-0"]
[BlackElo "1714"]
[WhiteElo "2389"]
[LiveChessVersion "1.4.8"]

1. d4 {[%clk 0:03:03]} Nf6 {[%clk 0:03:03]} 2. Nf3 {[%clk 0:03:04]} e6
{[%clk 0:03:04]} 3. c4 {[%clk 0:03:04]} d5 {[%clk 0:03:06]} 4. Nc3
{[%clk 0:03:05]} c5 {[%clk 0:03:07]} 5. cxd5 {[%clk 0:02:59]} Nxd5
{[%clk 0:03:07]} 6. g3 {[%clk 0:02:53]} Nc6 {[%clk 0:02:57]} 7. Bg2
{[%clk 0:02:30]} cxd4 {[%clk 0:02:44]} 8. Nxd4 {[%clk 0:02:24]} Nxc3
{[%clk 0:02:44]} 9. bxc3 {[%clk 0:02:22]} Bd7 {[%clk 0:02:45]} 10. Rb1
{[%clk 0:02:06]} Rb8 {[%clk 0:02:20]} 11. Nxc6 {[%clk 0:01:44]} bxc6
{[%clk 0:02:20]} 12. Rxb8 {[%clk 0:01:37]} Qxb8 {[%clk 0:02:21]} 13. O-O
{[%clk 0:01:38]} Bc5 {[%clk 0:02:12]} 14. Qd3 {[%clk 0:01:21]} Qd6
{[%clk 0:01:56]} 15. Qxd6 {[%clk 0:01:14]} Bxd6 {[%clk 0:01:57]} 16. Be3
{[%clk 0:01:15]} Ke7 {[%clk 0:01:50]} 17. Rb1 {[%clk 0:01:07]} Rb8
{[%clk 0:01:50]} 18. Rxb8 {[%clk 0:01:08]} Bxb8 {[%clk 0:01:50]} 19. Bc5+
{[%clk 0:01:09]} Ke8 {[%clk 0:01:43]} 20. Be4 {[%clk 0:01:03]} f5
{[%clk 0:01:25]} 21. Bc2 {[%clk 0:01:03]} Be5 {[%clk 0:01:25]} 22. c4
{[%clk 0:01:03]} a6 {[%clk 0:01:23]} 23. f4 {[%clk 0:00:59]} Bc3 {[%clk 0:01:22]}
24. Ba4 {[%clk 0:00:53]} Kd8 {[%clk 0:01:19]} 25. Kf2 {[%clk 0:00:52]} Kc7
{[%clk 0:01:17]} 26. e4 {[%clk 0:00:48]} Ba5 {[%clk 0:01:10]} 27. Ke3
{[%clk 0:00:41]} g6 {[%clk 0:01:00]} 28. e5 {[%clk 0:00:35]} Bb6 {[%clk 0:00:55]}
29. Kd4 {[%clk 0:00:33]} Ba5 {[%clk 0:00:46]} 30. Bd6+ {[%clk 0:00:32]} Kb7
{[%clk 0:00:47]} 31. Bd1 {[%clk 0:00:28]} Be1 {[%clk 0:00:43]} 32. g4
{[%clk 0:00:18]} Bf2+ {[%clk 0:00:38]} 33. Kd3 {[%clk 0:00:18]} Be8
{[%clk 0:00:35]} 34. h3 {[%clk 0:00:18]} Bg3 {[%clk 0:00:29]} 35. Ke3
{[%clk 0:00:19]} Be1 {[%clk 0:00:30]} 36. Bc2 {[%clk 0:00:18]} Ba5
{[%clk 0:00:28]} 37. c5 {[%clk 0:00:18]} Kc8 {[%clk 0:00:27]} 38. Bb3
{[%clk 0:00:18]} Bd7 {[%clk 0:00:28]} 39. Kf3 {[%clk 0:00:18]} Bd8
{[%clk 0:00:27]} 40. Kg3 {[%clk 0:00:19]} Kb7 {[%clk 0:00:27]} 41. Bc4
{[%clk 0:00:18]} a5 {[%clk 0:00:28]} 42. a4 {[%clk 0:00:18]} Ka7 {[%clk 0:00:28]}
43. Bb3 {[%clk 0:00:17]} Ka6 {[%clk 0:00:28]} 44. Ba2 {[%clk 0:00:19]} Kb7
{[%clk 0:00:29]} 45. Bc4 {[%clk 0:00:20]} Ka7 {[%clk 0:00:30]} 46. Bd3
{[%clk 0:00:15]} Kb7 {[%clk 0:00:31]} 47. h4 {[%clk 0:00:15]} Ka7
{[%clk 0:00:24]} 48. h5 {[%clk 0:00:15]} Kb7 {[%clk 0:00:21]} 49. gxf5
{[%clk 0:00:12]} gxf5 {[%clk 0:00:21]} 50. h6 {[%clk 0:00:13]} Be8
{[%clk 0:00:19]} 51. Bc4 {[%clk 0:00:13]} Bf7 {[%clk 0:00:20]} 52. Bb3
{[%clk 0:00:12]} Ka7 {[%clk 0:00:20]} 53. Ba2 {[%clk 0:00:11]} Kb7 54. Bf8
{[%clk 0:00:11]} Kc7 {[%clk 0:00:20]} 55. Kf3 {[%clk 0:00:12]} Kb7
{[%clk 0:00:21]} 56. Bd6 {[%clk 0:00:13]} Ka7 57. Kg3 Kb7 {[%clk 0:00:23]} 58.
Bf8 {[%clk 0:00:14]} Ka7 {[%clk 0:00:24]} 59. Bb3 {[%clk 0:00:13]} Kb7
{[%clk 0:00:25]} 60. Kf3 {[%clk 0:00:15]} Ka7 61. Ke3 Kb7 {[%clk 0:00:28]} 62.
Bg7 {[%clk 0:00:16]} Kc7 {[%clk 0:00:27]} 63. Kd4 {[%clk 0:00:16]} Kd7
{[%clk 0:00:27]} 64. Kc3 {[%clk 0:00:16]} Kc7 {[%clk 0:00:27]} 65. Bf6
{[%clk 0:00:16]} Kd7 {[%clk 0:00:23]} 66. Kd3 {[%clk 0:00:12]} Bc7
{[%clk 0:00:23]} 67. Bh4 {[%clk 0:00:13]} Bb8 {[%clk 0:00:23]} 68. Be1
{[%clk 0:00:14]} Bc7 {[%clk 0:00:24]} 69. Ke3 {[%clk 0:00:14]} Bd8
{[%clk 0:00:25]} 70. Bc4 {[%clk 0:00:15]} Kc8 {[%clk 0:00:24]} 71. Ba6+
{[%clk 0:00:15]} Kb8 {[%clk 0:00:25]} 72. Kf3 {[%clk 0:00:15]} Ka7
{[%clk 0:00:27]} 73. Bc8 {[%clk 0:00:13]} Kb8 {[%clk 0:00:27]} 74. Ba6 Ka7 75.
Bc4 {[%clk 0:00:14]} Kb7 {[%clk 0:00:29]} 76. Kg3 {[%clk 0:00:14]} Ka7
{[%clk 0:00:30]} 77. Kh3 {[%clk 0:00:16]} Kb7 {[%clk 0:00:30]} 78. Bh4
{[%clk 0:00:17]} Bc7 {[%clk 0:00:31]} 79. Be7 {[%clk 0:00:18]} Bb8
{[%clk 0:00:32]} 80. Kh4 {[%clk 0:00:19]} Ba7 {[%clk 0:00:31]} 81. Kg5
{[%clk 0:00:20]} Kc7 {[%clk 0:00:31]} 82. Kf6 {[%clk 0:00:21]} Bg6
{[%clk 0:00:29]} 83. Bxe6 {[%clk 0:00:22]} 1-0

[Event "Team Championship Russia (Blitz, Women)"]
[Site "Sochi"]
[Date "2018.10.10"]
[Round "11.3"]
[White "Shestakova, Ekaterina"]
[Black "Guseva, Marina"]
[Result "0-1"]
[BlackElo "2292"]
[WhiteElo "1700"]
[LiveChessVersion "1.4.8"]

1. e4 {[%clk 0:03:03]} c5 {[%clk 0:03:03]} 2. c3 {[%clk 0:03:03]} d5
{[%clk 0:03:03]} 3. exd5 {[%clk 0:03:04]} Qxd5 {[%clk 0:03:04]} 4. d4
{[%clk 0:03:04]} Nf6 {[%clk 0:03:04]} 5. Nf3 {[%clk 0:03:05]} Bg4
{[%clk 0:03:05]} 6. Be2 {[%clk 0:03:06]} e6 {[%clk 0:03:05]} 7. h3
{[%clk 0:03:07]} Bh5 {[%clk 0:03:05]} 8. O-O {[%clk 0:03:07]} Be7
{[%clk 0:03:06]} 9. Be3 {[%clk 0:03:07]} cxd4 {[%clk 0:03:06]} 10. Nxd4
{[%clk 0:03:07]} Bxe2 {[%clk 0:03:03]} 11. Qxe2 {[%clk 0:03:07]} O-O
{[%clk 0:03:03]} 12. Nd2 {[%clk 0:03:00]} Nc6 {[%clk 0:03:02]} 13. N2f3
{[%clk 0:02:58]} Nxd4 {[%clk 0:02:50]} 14. Nxd4 {[%clk 0:02:52]} Rfc8
{[%clk 0:02:49]} 15. Rfd1 {[%clk 0:02:50]} a6 {[%clk 0:02:39]} 16. Qf3
{[%clk 0:02:42]} b5 {[%clk 0:02:35]} 17. Qxd5 {[%clk 0:02:19]} Nxd5
{[%clk 0:02:35]} 18. Bd2 {[%clk 0:02:20]} Rab8 {[%clk 0:02:31]} 19. Rac1
{[%clk 0:02:11]} Bf6 {[%clk 0:02:30]} 20. Nf3 {[%clk 0:02:03]} h6
{[%clk 0:02:28]} 21. g3 {[%clk 0:01:50]} Rc6 {[%clk 0:02:21]} 22. Be1
{[%clk 0:01:33]} Rbc8 {[%clk 0:02:20]} 23. Nd4 {[%clk 0:01:28]} Rc4
{[%clk 0:02:19]} 24. Rb1 {[%clk 0:00:55]} Bxd4 {[%clk 0:02:17]} 25. Rxd4
{[%clk 0:00:51]} Rxd4 {[%clk 0:02:18]} 26. cxd4 {[%clk 0:00:52]} Rc2
{[%clk 0:02:18]} 27. Kg2 {[%clk 0:00:33]} Rc4 {[%clk 0:01:58]} 28. Rd1
{[%clk 0:00:30]} Rc2 {[%clk 0:01:52]} 29. Rb1 {[%clk 0:00:29]} f5
{[%clk 0:01:48]} 30. Kf3 {[%clk 0:00:25]} Kf7 {[%clk 0:01:49]} 31. a3
{[%clk 0:00:24]} g5 {[%clk 0:01:45]} 32. b4 {[%clk 0:00:14]} Ra2 {[%clk 0:01:36]}
33. Rb3 {[%clk 0:00:15]} Nb6 {[%clk 0:01:33]} 34. Rc3 {[%clk 0:00:09]} Nc4
{[%clk 0:01:33]} 35. g4 {[%clk 0:00:04]} Rxa3 {[%clk 0:01:24]} 36. Rxa3
{[%clk 0:00:05]} Nxa3 {[%clk 0:01:25]} 37. Bc3 {[%clk 0:00:06]} Nc4
{[%clk 0:01:21]} 38. gxf5 {[%clk 0:00:05]} exf5 {[%clk 0:01:22]} 39. Kg3
{[%clk 0:00:04]} Ke6 {[%clk 0:01:21]} 40. f4 {[%clk 0:00:04]} Nd6
{[%clk 0:01:13]} 41. Kf3 {[%clk 0:00:04]} Ne4 {[%clk 0:01:12]} 42. Be1
{[%clk 0:00:04]} Kd5 {[%clk 0:01:13]} 43. fxg5 {[%clk 0:00:04]} hxg5
{[%clk 0:01:14]} 44. h4 {[%clk 0:00:04]} gxh4 {[%clk 0:01:11]} 45. Bxh4
{[%clk 0:00:05]} Kxd4 {[%clk 0:01:12]} 46. Kf4 {[%clk 0:00:05]} Kc4
{[%clk 0:01:10]} 47. Be7 {[%clk 0:00:05]} Nc3 {[%clk 0:01:11]} 48. Kxf5
{[%clk 0:00:04]} Nd5 {[%clk 0:01:12]} 49. Bf8 {[%clk 0:00:03]} Nxb4
{[%clk 0:01:12]} 0-1

[Event "Team Championship Russia (Blitz, Women)"]
[Site "Sochi"]
[Date "2018.10.10"]
[Round "11.4"]
[White "Kovanova, Baira"]
[Black "Soboleva, Anastasia"]
[Result "1-0"]
[BlackElo "1769"]
[WhiteElo "2205"]
[LiveChessVersion "1.4.8"]

1. Nf3 {[%clk 0:03:03]} Nf6 {[%clk 0:03:02]} 2. g3 {[%clk 0:03:04]} b6
{[%clk 0:03:01]} 3. Bg2 {[%clk 0:03:05]} Bb7 {[%clk 0:03:03]} 4. d3
{[%clk 0:03:06]} e6 {[%clk 0:03:03]} 5. e4 {[%clk 0:03:06]} d5 {[%clk 0:03:04]}
6. e5 {[%clk 0:03:05]} Nfd7 {[%clk 0:03:05]} 7. c3 {[%clk 0:02:57]} c5
{[%clk 0:03:06]} 8. O-O {[%clk 0:02:55]} Nc6 {[%clk 0:03:07]} 9. Re1
{[%clk 0:02:54]} Be7 {[%clk 0:03:08]} 10. h4 {[%clk 0:02:54]} h6 {[%clk 0:03:04]}
11. Qe2 {[%clk 0:02:53]} Qc7 {[%clk 0:03:05]} 12. a4 {[%clk 0:02:49]} Na5
{[%clk 0:02:54]} 13. Nbd2 {[%clk 0:02:38]} O-O {[%clk 0:02:54]} 14. Rb1
{[%clk 0:02:27]} Rac8 {[%clk 0:02:48]} 15. Nf1 {[%clk 0:02:22]} Bc6
{[%clk 0:02:10]} 16. b4 {[%clk 0:02:15]} cxb4 {[%clk 0:01:16]} 17. cxb4
{[%clk 0:02:16]} Bxb4 {[%clk 0:00:28]} 18. Rxb4 {[%clk 0:02:16]} Nc5
{[%clk 0:00:26]} 19. Bf4 {[%clk 0:01:49]} Bxa4 {[%clk 0:00:26]} 20. Ne3
{[%clk 0:01:20]} Nc6 {[%clk 0:00:27]} 21. Rbb1 {[%clk 0:01:21]} b5
{[%clk 0:00:22]} 22. Rec1 {[%clk 0:01:12]} Nb3 {[%clk 0:00:20]} 23. Re1
{[%clk 0:00:53]} Qb6 {[%clk 0:00:19]} 24. Nd2 {[%clk 0:00:34]} Nbd4
{[%clk 0:00:19]} 25. Qg4 {[%clk 0:00:35]} Kh8 {[%clk 0:00:14]} 26. Qh5
{[%clk 0:00:36]} Ne7 {[%clk 0:00:08]} 27. Ng4 {[%clk 0:00:31]} Nef5
{[%clk 0:00:07]} 28. Nf3 {[%clk 0:00:28]} Nxf3+ {[%clk 0:00:07]} 29. Bxf3 Bc2
{[%clk 0:00:07]} 30. Nxh6 {[%clk 0:00:26]} Nxh6 {[%clk 0:00:07]} 31. Bxh6
{[%clk 0:00:27]} Rfd8 {[%clk 0:00:05]} 32. Bg5+ {[%clk 0:00:27]} Kg8
{[%clk 0:00:07]} 33. Bxd8 {[%clk 0:00:28]} Rxd8 {[%clk 0:00:08]} 34. Rbc1
{[%clk 0:00:29]} Bxd3 {[%clk 0:00:09]} 35. Qg5 {[%clk 0:00:29]} Bg6
{[%clk 0:00:10]} 36. Rc6 {[%clk 0:00:29]} Qa5 {[%clk 0:00:10]} 37. Rec1
{[%clk 0:00:29]} b4 {[%clk 0:00:11]} 38. Rc8 {[%clk 0:00:30]} Rxc8
{[%clk 0:00:12]} 39. Rxc8+ Kh7 40. h5 {[%clk 0:00:32]} Bd3 {[%clk 0:00:12]} 41.
h6 {[%clk 0:00:32]} Bg6 {[%clk 0:00:12]} 42. hxg7 {[%clk 0:00:33]} Kxg7
{[%clk 0:00:13]} 43. Qf6+ {[%clk 0:00:34]} Kh6 {[%clk 0:00:12]} 44. Rh8#
{[%clk 0:00:34]} 1-0

[Event "Team Championship Russia (Blitz, Women)"]
[Site "Sochi"]
[Date "2018.10.10"]
[Round "11.5"]
[White "Kirchei, Viktoriia"]
[Black "Solozhenkina, Elizaveta"]
[Result "1/2-1/2"]
[BlackElo "2134"]
[WhiteElo "1992"]
[LiveChessVersion "1.4.8"]

1. d3 {[%clk 0:03:03]} d5 {[%clk 0:02:58]} 2. g3 {[%clk 0:03:05]} e5
{[%clk 0:02:55]} 3. Bg2 {[%clk 0:03:05]} Nf6 {[%clk 0:02:54]} 4. Nd2
{[%clk 0:03:06]} Be7 {[%clk 0:02:52]} 5. e3 {[%clk 0:03:07]} O-O {[%clk 0:02:51]}
6. Ne2 {[%clk 0:03:09]} Nc6 {[%clk 0:02:47]} 7. O-O {[%clk 0:03:08]} a5
{[%clk 0:02:43]} 8. h3 {[%clk 0:03:08]} a4 {[%clk 0:02:28]} 9. f4
{[%clk 0:03:07]} Bc5 {[%clk 0:02:19]} 10. Nf3 {[%clk 0:02:35]} Re8
{[%clk 0:02:19]} 11. d4 {[%clk 0:02:26]} exd4 {[%clk 0:02:18]} 12. exd4
{[%clk 0:02:27]} Bb6 {[%clk 0:02:12]} 13. g4 {[%clk 0:02:19]} Ne4
{[%clk 0:02:10]} 14. c3 {[%clk 0:02:19]} f6 {[%clk 0:02:03]} 15. f5
{[%clk 0:02:18]} Na5 {[%clk 0:01:54]} 16. Qxa4 {[%clk 0:02:01]} Bd7
{[%clk 0:01:50]} 17. Qc2 {[%clk 0:01:57]} Bb5 {[%clk 0:01:50]} 18. Re1
{[%clk 0:01:35]} c5 {[%clk 0:01:50]} 19. dxc5 {[%clk 0:01:30]} Bxe2
{[%clk 0:01:36]} 20. Rxe2 {[%clk 0:01:21]} Bxc5+ {[%clk 0:01:32]} 21. Nd4
{[%clk 0:01:19]} Rc8 {[%clk 0:01:29]} 22. Be3 {[%clk 0:01:13]} Ng3
{[%clk 0:01:27]} 23. Ne6 {[%clk 0:00:30]} Nxe2+ {[%clk 0:01:11]} 24. Kh1
{[%clk 0:00:30]} Ng3+ {[%clk 0:00:44]} 25. Kh2 {[%clk 0:00:31]} Qd6
{[%clk 0:00:45]} 26. Bf4 {[%clk 0:00:32]} Qb6 {[%clk 0:00:33]} 27. Bxg3
{[%clk 0:00:27]} Rxe6 {[%clk 0:00:22]} 28. Bxd5 {[%clk 0:00:26]} Kh8
{[%clk 0:00:21]} 29. Bxe6 {[%clk 0:00:25]} Rd8 {[%clk 0:00:20]} 30. b4
{[%clk 0:00:21]} Be3 {[%clk 0:00:19]} 31. bxa5 {[%clk 0:00:20]} Qxa5
{[%clk 0:00:10]} 32. Rd1 {[%clk 0:00:20]} Rxd1 {[%clk 0:00:09]} 33. Qxd1
{[%clk 0:00:21]} h6 {[%clk 0:00:08]} 34. Qd3 {[%clk 0:00:21]} Bc5
{[%clk 0:00:07]} 35. Bd5 {[%clk 0:00:16]} Qd8 {[%clk 0:00:07]} 36. Be4
{[%clk 0:00:15]} Qe7 {[%clk 0:00:07]} 37. Bg2 {[%clk 0:00:12]} b6
{[%clk 0:00:08]} 38. Qe4 {[%clk 0:00:13]} Qd7 {[%clk 0:00:05]} 39. Qe6
{[%clk 0:00:15]} Qd8 {[%clk 0:00:05]} 40. Qd5 {[%clk 0:00:15]} Qe7
{[%clk 0:00:06]} 41. Qa8+ {[%clk 0:00:14]} Kh7 {[%clk 0:00:07]} 42. Qb7
{[%clk 0:00:11]} Qe2 {[%clk 0:00:07]} 43. Qe4 {[%clk 0:00:12]} Qxa2
{[%clk 0:00:08]} 44. Qe6 {[%clk 0:00:09]} Qc2 {[%clk 0:00:07]} 45. c4
{[%clk 0:00:09]} Qa2 {[%clk 0:00:06]} 46. Bf4 {[%clk 0:00:06]} Qf2
{[%clk 0:00:06]} 47. Qe4 {[%clk 0:00:03]} Qg1+ {[%clk 0:00:07]} 48. Kg3
{[%clk 0:00:05]} Qf2+ 49. Kh2 Qg1+ {[%clk 0:00:08]} 50. Kg3 {[%clk 0:00:08]} Qf2+
1/2-1/2

[Event "Team Championship Russia (Blitz, Women)"]
[Site "Sochi"]
[Date "2018.10.10"]
[Round "11.6"]
[White "Maletina, Tatiana"]
[Black "Bondareva, Daria"]
[Result "1-0"]
[BlackElo "1774"]
[WhiteElo "2339"]
[LiveChessVersion "1.4.8"]

1. d4 {[%clk 0:03:03]} Nf6 {[%clk 0:03:03]} 2. c4 {[%clk 0:03:03]} e6
{[%clk 0:03:04]} 3. g3 {[%clk 0:03:04]} d5 {[%clk 0:03:05]} 4. Nf3
{[%clk 0:03:05]} dxc4 {[%clk 0:03:06]} 5. Bg2 {[%clk 0:03:07]} c6
{[%clk 0:03:07]} 6. Ne5 {[%clk 0:03:06]} Be7 {[%clk 0:02:48]} 7. O-O
{[%clk 0:03:04]} O-O {[%clk 0:02:48]} 8. Nxc4 {[%clk 0:02:46]} Nbd7
{[%clk 0:02:49]} 9. Nc3 {[%clk 0:02:46]} Nb6 {[%clk 0:02:32]} 10. Ne5
{[%clk 0:02:47]} c5 {[%clk 0:02:33]} 11. dxc5 {[%clk 0:02:43]} Bxc5
{[%clk 0:02:31]} 12. Bg5 {[%clk 0:02:38]} Be7 {[%clk 0:02:01]} 13. Qb3
{[%clk 0:02:20]} Qc7 {[%clk 0:01:43]} 14. Nd3 {[%clk 0:02:20]} Qc4
{[%clk 0:01:26]} 15. Qxc4 {[%clk 0:02:18]} Nxc4 {[%clk 0:01:27]} 16. b3
{[%clk 0:02:15]} Nd6 {[%clk 0:01:27]} 17. Rac1 {[%clk 0:02:09]} Bd7
{[%clk 0:01:18]} 18. Ne5 {[%clk 0:02:10]} Rfd8 {[%clk 0:01:05]} 19. Rfd1
{[%clk 0:02:11]} Rac8 {[%clk 0:00:52]} 20. Rd3 {[%clk 0:01:34]} Bc6
{[%clk 0:00:53]} 21. Nxc6 {[%clk 0:01:31]} bxc6 {[%clk 0:00:54]} 22. Rcd1
{[%clk 0:01:32]} Nb7 {[%clk 0:00:35]} 23. Ne4 {[%clk 0:01:07]} Nd5
{[%clk 0:00:29]} 24. Bxe7 {[%clk 0:01:02]} Nxe7 {[%clk 0:00:30]} 25. Rd7
{[%clk 0:01:02]} Ng6 {[%clk 0:00:15]} 26. Nc3 {[%clk 0:00:51]} Rxd7
{[%clk 0:00:09]} 27. Rxd7 {[%clk 0:00:52]} Nc5 {[%clk 0:00:09]} 28. Rxa7
{[%clk 0:00:53]} h6 {[%clk 0:00:06]} 29. h4 {[%clk 0:00:53]} Nf8 {[%clk 0:00:07]}
30. b4 {[%clk 0:00:50]} Ncd7 {[%clk 0:00:07]} 31. Ne4 {[%clk 0:00:44]} c5
{[%clk 0:00:06]} 32. bxc5 {[%clk 0:00:42]} Nxc5 {[%clk 0:00:07]} 33. Nxc5
{[%clk 0:00:43]} Rxc5 {[%clk 0:00:09]} 34. a4 {[%clk 0:00:43]} Rc1+
{[%clk 0:00:10]} 35. Kh2 {[%clk 0:00:45]} Rc2 {[%clk 0:00:07]} 36. Bf3
{[%clk 0:00:45]} g6 {[%clk 0:00:06]} 37. a5 {[%clk 0:00:44]} e5 {[%clk 0:00:04]}
38. Re7 {[%clk 0:00:43]} f6 {[%clk 0:00:04]} 39. a6 {[%clk 0:00:43]} Ra2
{[%clk 0:00:05]} 40. a7 {[%clk 0:00:44]} e4 {[%clk 0:00:06]} 41. Bxe4
{[%clk 0:00:45]} 1-0